书目信息 |
| 题名: |
建筑结构快速通
|
|
| 作者: | 袁静 , 袁树基 编著 | |
| 分册: | ||
| 出版信息: | 北京 中国建筑工业出版社 2011.02 |
|
| 页数: | 10, 533页 | |
| 开本: | 26cm | |
| 丛书名: | 2011执业资格考试丛书 | |
| 单 册: | ||
| 中图分类: | TU3 | |
| 科图分类: | ||
| 主题词: | 建筑结构--jian zhu jie gou--建筑师--资格考核--自学参考资料 | |
| 电子资源: | ||
| ISBN: | 978-7-112-12841-9 | |
| 000 | 01197nam 2200325 450 | |
| 001 | 1161137702 | |
| 005 | 20110716165912.34 | |
| 010 | @a978-7-112-12841-9@dCNY69.00 | |
| 100 | @a20110622d2011 em y0chiy50 ea | |
| 101 | 0 | @achi |
| 102 | @aCN@b110000 | |
| 105 | @aak a 000yy | |
| 106 | @ar | |
| 200 | 1 | @a建筑结构快速通@Ajian zhu jie gou kuai su tong@f袁树基, 袁静编著 |
| 210 | @a北京@c中国建筑工业出版社@d2011.02 | |
| 215 | @a10, 533页@c图@d26cm | |
| 225 | 2 | @a2011执业资格考试丛书@A2011 zhi ye zi ge kao shi cong shu |
| 225 | 2 | @a一级注册建筑师考试辅导教材@Ayi ji zhu ce jian zhu shi kao shi fu dao jiao cai |
| 320 | @a有书目 (第533页) | |
| 330 | @a本书从结构概念入手,用通俗的语言将一些较难理解的概念说的比较明白,并特意配了一些插图,增加了本书的趣味性,是考生在充分理解这些概念的基础上能更加容易地掌握和解答相应考题。 | |
| 333 | @a建筑师。 | |
| 410 | 0 | @12001 @a一级注册建筑师考试辅导教材 |
| 410 | 0 | @12001 @a2011执业资格考试丛书 |
| 586 | @a | |
| 606 | 0 | @a建筑结构@Ajian zhu jie gou@x建筑师@x资格考核@j自学参考资料 |
| 690 | @aTU3@v5 | |
| 701 | 0 | @a袁静@Ayuan jing@4编著 |
| 701 | 0 | @a袁树基@Ayuan shu ji@4编著 |
| 801 | 0 | @aCN@c20110610 |
| 905 | @dTU3@eY900@f5 | |
| 建筑结构快速通/袁树基, 袁静编著.-北京:中国建筑工业出版社,2011.02 |
| 10, 533页:图;26cm.-(2011执业资格考试丛书).-(一级注册建筑师考试辅导教材) |
| 使用对象:建筑师。 |
| ISBN 978-7-112-12841-9:CNY69.00 |
| 本书从结构概念入手,用通俗的语言将一些较难理解的概念说的比较明白,并特意配了一些插图,增加了本书的趣味性,是考生在充分理解这些概念的基础上能更加容易地掌握和解答相应考题。 |
| ● |
| 相关链接 |
|
|
|
正题名:建筑结构快速通
索取号:TU3/Y900
 
预约/预借
| 序号 | 登录号 | 条形码 | 馆藏地/架位号 | 状态 | 备注 |
| 1 | 885561 | 208855611 | 建筑库101/101建筑库 75排1列5层/ [索取号:TU3/Y900] | 在馆 | |
| 2 | 885562 | 208855620 | 建筑库101/101建筑库 75排1列5层/ [索取号:TU3/Y900] | 在馆 | |
| 3 | 885563 | 208855639 | 建筑库101/101建筑库 75排1列5层/ [索取号:TU3/Y900] | 在馆 | |
| 4 | 885564 | 208855648 | 建筑库101/101建筑库 75排1列5层/ [索取号:TU3/Y900] | 在馆 | |
| 5 | 885565 | 208855657 | 自科二线404/404自科库 1排5列6层/ [索取号:TU3/Y900] | 在馆 |